[Event "Tradewise Gibraltar Masters 14th"]
[Site "Gibraltar"]
[Date "2016.02.04"]
[Round "10.74"]
[White "Nebolsina, Vera"]
[Black "Shachar, Ehud"]
[Result "1-0"]
[WhiteElo "2208"]
[BlackElo "2353"]
[PlyCount "139"]
[EventDate "2016.01.26"]
[EventType "swiss"]
[EventRounds "10"]
[EventCountry "GGB"]
[Source "www.saund.co.uk"]
[SourceDate "2005.02.07"]

1. d4 e6 2. Bf4 Nf6 3. e3 d5 4. Nd2 Be7 5. Bd3 c5 6. c3 Nc6 7. h3 Qb6 8. Rb1
Bd7 9. Ngf3 a5 10. Qe2 a4 11. O-O cxd4 12. exd4 Na7 13. c4 Nc6 14. c5 Qa5 15.
a3 O-O 16. b4 axb3 17. Rxb3 Bc8 18. Nb1 Ne8 19. Nc3 Bf6 20. Nb5 Qd8 21. Bb1 Na5
22. Rc3 Bd7 23. Ne5 Nc4 24. a4 Bc6 25. Ng4 g6 26. Bc2 Bg7 27. Rd1 b6 28. Ne5
Nxe5 29. Bxe5 bxc5 30. Rxc5 Qd7 31. Bf4 Nf6 32. Rc1 Rfc8 33. Nd6 Bf8 34. Nxc8
Bxc5 35. dxc5 Qxc8 36. Qd1 Qd7 37. Qd4 Ne8 38. Be5 Qe7 39. Bg3 f6 40. f4 Ra5
41. Bf2 Kf7 42. Re1 Qd7 43. Ra1 Qa7 44. Qc3 Qc7 45. Bd4 Ra8 46. Qe3 Ng7 47. g4
Re8 48. Rf1 Ba8 49. Qe1 Kg8 50. Qf2 Qe7 51. a5 Bb7 52. Ba4 Ra8 53. c6 Bc8 54.
Bc3 Ne8 55. Qd4 Qa7 56. Qb6 Nd6 57. Bb3 Ne4 58. Bb4 Ba6 59. Rd1 f5 60. Kh2 fxg4
61. Rxd5 g3+ 62. Kg2 exd5 63. Bxd5+ Kg7 64. Bxe4 Qf7 65. Bc3+ Kh6 66. f5 Qa2+
67. Kxg3 Qe2 68. Qd4 Rf8 69. Qg7+ Kh5 70. h4 1-0

[Event "Tradewise Gibraltar Masters 14th"]
[Site "Gibraltar"]
[Date "2016.02.04"]
[Round "10.75"]
[White "Pakosta, Miroslav"]
[Black "Stark, Lars"]
[Result "1-0"]
[WhiteElo "2097"]
[BlackElo "2440"]
[PlyCount "51"]
[EventDate "2016.01.26"]
[EventType "swiss"]
[EventRounds "10"]
[EventCountry "GGB"]
[Source "www.saund.co.uk"]
[SourceDate "2005.02.07"]

1. e4 e6 2. d4 d5 3. e5 c5 4. c3 Nc6 5. Nf3 Bd7 6. Be2 Nge7 7. O-O Ng6 8. Re1
Be7 9. a3 c4 10. Nbd2 Na5 11. g3 O-O 12. Kg2 Qe8 13. Rh1 Ba4 14. Qf1 f6 15. h4
f5 16. h5 Nh8 17. Nh4 Nf7 18. Ndf3 Bc2 19. Ne1 Ba4 20. Ng6 hxg6 21. hxg6 Nh6
22. Bxh6 gxh6 23. Rxh6 Bg5 24. Rh8+ Kg7 25. Rh7+ Kxg6 26. Qh1 1-0

[Event "Tradewise Gibraltar Masters 14th"]
[Site "Gibraltar"]
[Date "2016.02.04"]
[Round "10.76"]
[White "Midonet, Mathieu"]
[Black "Solomon, Kenny"]
[Result "0-1"]
[WhiteElo "2211"]
[BlackElo "2390"]
[PlyCount "90"]
[EventDate "2016.01.26"]
[EventType "swiss"]
[EventRounds "10"]
[EventCountry "GGB"]
[Source "www.saund.co.uk"]
[SourceDate "2005.02.07"]

1. e4 e5 2. Nf3 Nc6 3. Bb5 a6 4. Ba4 Nf6 5. O-O Be7 6. Re1 b5 7. Bb3 d6 8. c3
O-O 9. h3 Nb8 10. d3 c5 11. a4 Bb7 12. axb5 axb5 13. Rxa8 Bxa8 14. Nbd2 Qc7 15.
Nf1 c4 16. Bc2 Nbd7 17. d4 Re8 18. d5 Nc5 19. Ng3 g6 20. Bg5 Qd8 21. Qd2 Nfd7
22. Bh6 Nb6 23. Nh2 Nba4 24. Bb1 Bb7 25. Ng4 Bc8 26. Be3 Bxg4 27. hxg4 Nb3 28.
Qe2 Bg5 29. Nf1 Kg7 30. g3 Qf6 31. Bc2 Nac5 32. Bxc5 Nxc5 33. Ra1 Qe7 34. Ra5
Qb7 35. Qd1 b4 36. Ba4 Rb8 37. Rb5 Qa7 38. cxb4 Nxe4 39. Qc2 Rxb5 40. Bxb5 Qd4
41. Kg2 Bd2 42. Bxc4 Qxf2+ 43. Kh1 Qf3+ 44. Kh2 Nf2 45. Kg1 Be1 0-1

[Event "Tradewise Gibraltar Masters 14th"]
[Site "Gibraltar"]
[Date "2016.02.04"]
[Round "10.77"]
[White "Lazarne Vajda, Szidonia"]
[Black "Seyfried, Claus"]
[Result "1-0"]
[WhiteElo "2359"]
[BlackElo "2137"]
[PlyCount "55"]
[EventDate "2016.01.26"]
[EventType "swiss"]
[EventRounds "10"]
[EventCountry "GGB"]
[Source "www.saund.co.uk"]
[SourceDate "2005.02.07"]

1. e4 e5 2. Nf3 Nc6 3. Bb5 a6 4. Ba4 Nf6 5. O-O b5 6. Bb3 Be7 7. d3 O-O 8. a4
Bb7 9. Re1 d6 10. c3 Na5 11. Bc2 c5 12. d4 cxd4 13. cxd4 Nc6 14. Nc3 exd4 15.
Nxd4 b4 16. Nce2 Re8 17. Nxc6 Bxc6 18. Nd4 Bd7 19. h3 Rc8 20. Qd3 a5 21. Bg5 h6
22. Bh4 Rc5 23. f4 Nh5 24. Bxe7 Qxe7 25. e5 g6 26. e6 fxe6 27. Qxg6+ Qg7 28.
Nb3 1-0

[Event "Tradewise Gibraltar Masters 14th"]
[Site "Gibraltar"]
[Date "2016.02.04"]
[Round "10.78"]
[White "Tscharotschkin, Michael"]
[Black "Arakhamia-Grant, Ketevan"]
[Result "1-0"]
[WhiteElo "2169"]
[BlackElo "2346"]
[PlyCount "99"]
[EventDate "2016.01.26"]
[EventType "swiss"]
[EventRounds "10"]
[EventCountry "GGB"]
[Source "www.saund.co.uk"]
[SourceDate "2005.02.07"]

1. d4 Nf6 2. Nf3 g6 3. Bf4 Bg7 4. e3 d6 5. h3 O-O 6. Be2 Nbd7 7. Bh2 b6 8. O-O
Bb7 9. c4 Ne4 10. Nfd2 e5 11. Nxe4 Bxe4 12. Nc3 Bb7 13. dxe5 Nxe5 14. Rc1 f5
15. Nd5 a5 16. b3 Kh8 17. Qd2 Re8 18. Rfd1 Nd7 19. Bf3 Ne5 20. Be2 Nd7 21. Bf3
Nc5 22. Qe2 Ne4 23. Bxe4 Rxe4 24. Rc2 Bc6 25. Rcd2 Qb8 26. Rd3 Qb7 27. Qd2 Rae8
28. Bf4 R4e6 29. Bg3 g5 30. f4 Bxd5 31. cxd5 Rg6 32. fxg5 Rxg5 33. Bf4 Rg6 34.
Qc2 Qc8 35. Rc1 Re7 36. Rd2 Qf8 37. Rf1 Rf7 38. Rdf2 Qe7 39. Qd3 Kg8 40. Kh2
Bf6 41. Rf3 Rfg7 42. Qxf5 Rxg2+ 43. Kh1 R7g6 44. R3f2 Rxf2 45. Rxf2 Kg7 46. Rg2
Qe8 47. Qc2 Qf7 48. Qf5 b5 49. h4 Bxh4 50. Bh6+ 1-0

[Event "Tradewise Gibraltar Masters 14th"]
[Site "Gibraltar"]
[Date "2016.02.04"]
[Round "10.79"]
[White "Boado Rodriguez, Martin"]
[Black "Zwahr, Paul"]
[Result "0-1"]
[WhiteElo "2121"]
[BlackElo "2333"]
[PlyCount "69"]
[EventDate "2016.01.26"]
[EventType "swiss"]
[EventRounds "10"]
[EventCountry "GGB"]
[Source "www.saund.co.uk"]
[SourceDate "2005.02.07"]

1. g3 g6 2. Bg2 Bg7 3. d3 d6 4. Nd2 c5 5. f4 Nc6 6. Ngf3 e5 7. Nc4 Nge7 8. fxe5
dxe5 9. Be3 Be6 10. c3 b6 11. Qd2 O-O 12. Bh6 e4 13. Bxg7 exf3 14. Bxf8 fxg2
15. Rg1 Kxf8 16. Rxg2 b5 17. Qh6+ Kg8 18. Nd2 b4 19. Ne4 Nf5 20. Qg5 Qxg5 21.
Nxg5 Ne3 22. Nxe6 Nxg2+ 23. Kf2 fxe6 24. cxb4 cxb4 25. Kxg2 Rc8 26. Rc1 Ne7 27.
Rc4 Rxc4 28. dxc4 e5 29. Kf3 Kf7 30. Ke4 Ke6 31. Kd3 Kd6 32. Ke4 Ng8 33. c5+
Ke6 34. Kd3 Kd5 35. c6 0-1

[Event "Tradewise Gibraltar Masters 14th"]
[Site "Gibraltar"]
[Date "2016.02.04"]
[Round "10.80"]
[White "Lombaers, Peter"]
[Black "Guthrie, David"]
[Result "1-0"]
[WhiteElo "2328"]
[BlackElo "2187"]
[PlyCount "97"]
[EventDate "2016.01.26"]
[EventType "swiss"]
[EventRounds "10"]
[EventCountry "GGB"]
[Source "www.saund.co.uk"]
[SourceDate "2005.02.07"]

1. d4 Nf6 2. c4 g6 3. Nc3 Bg7 4. e4 d6 5. Nf3 O-O 6. Be2 e5 7. O-O Nbd7 8. Be3
Re8 9. d5 Nh5 10. Re1 Nf4 11. Bf1 Nf6 12. h3 h6 13. c5 g5 14. cxd6 cxd6 15. Nh2
Rf8 16. a4 Ne8 17. g4 h5 18. Nb5 a6 19. Na3 hxg4 20. hxg4 b6 21. a5 b5 22. Nc2
Kh7 23. f3 Kg6 24. Nb4 Rh8 25. Nc6 Qd7 26. Bg2 Nf6 27. Nf1 Bb7 28. Ng3 Rac8 29.
Nb4 Rh7 30. Nf5 Rch8 31. b3 Bf8 32. Kf1 Be7 33. Bg1 Bd8 34. Qc2 Ng8 35. Nc6 Ne7
36. Rac1 Nxf5 37. gxf5+ Kf6 38. Red1 Rg7 39. Bd4 Qe8 40. Nxd8 Qxd8 41. Bb6 Qf8
42. Qc7 g4 43. Rc6 Bxc6 44. dxc6 d5 45. Bd4 Kg5 46. Bxe5 Nxg2 47. f4+ Kh4 48.
Kxg2 g3 49. f6 1-0

[Event "Tradewise Gibraltar Masters 14th"]
[Site "Gibraltar"]
[Date "2016.02.04"]
[Round "10.81"]
[White "Veltkamp, Gerben"]
[Black "Papp, Petra"]
[Result "0-1"]
[WhiteElo "2135"]
[BlackElo "2308"]
[PlyCount "132"]
[EventDate "2016.01.26"]
[EventType "swiss"]
[EventRounds "10"]
[EventCountry "GGB"]
[Source "www.saund.co.uk"]
[SourceDate "2005.02.07"]

1. e4 e5 2. Nc3 Nf6 3. Bc4 Nc6 4. f4 Nxe4 5. Nf3 Nxc3 6. dxc3 Qe7 7. Qe2 exf4
8. Qxe7+ Bxe7 9. Bxf4 d6 10. Ng5 O-O 11. Nxf7 Rxf7 12. O-O Bf6 13. Rae1 Kf8 14.
Bxf7 Kxf7 15. Bg5 Bd7 16. Re4 Re8 17. Rh4 Kg6 18. Bxf6 gxf6 19. Rf3 Re7 20. Kf2
Re5 21. Rhf4 Rf5 22. Ke3 Rxf4 23. Kxf4 Ne5 24. Rf2 f5 25. g3 Kf6 26. b3 b5 27.
Rd2 Bc6 28. Rf2 Be4 29. Rd2 Nf3 30. Re2 h5 31. a3 a6 32. h4 a5 33. Re3 Ne5 34.
Re2 Ng6+ 35. Ke3 Ne7 36. Kd2 Ke5 37. Re1 Nd5 38. a4 bxa4 39. Ra1 Nb6 40. Rf1
Nd7 41. Ra1 Bc6 42. Re1+ Kf6 43. Re8 Nc5 44. Rf8+ Ke5 45. bxa4 Ne4+ 46. Ke3
Nxg3 47. Rf7 Bxa4 48. Re7+ Kf6 49. Rxc7 Bxc2 50. Kd2 Bb3 51. Ke3 a4 52. Ra7 Ne4
53. Kd4 Nd2 54. Ra6 Nc4 55. Ra8 a3 56. Rf8+ Ke6 57. Re8+ Kf7 58. Rh8 a2 59.
Rh7+ Kg6 60. Ra7 f4 61. Ke4 Ne3 62. Ra6 Nc2 63. Rxd6+ Kg7 64. Ra6 a1=Q 65. Rxa1
Nxa1 66. Kxf4 Kf6 0-1

[Event "Tradewise Gibraltar Masters 14th"]
[Site "Gibraltar"]
[Date "2016.02.04"]
[Round "10.82"]
[White "Bach, Matthias"]
[Black "Barrenechea Bahamonde, Gustavo"]
[Result "1-0"]
[WhiteElo "2301"]
[BlackElo "2116"]
[PlyCount "55"]
[EventDate "2016.01.26"]
[EventType "swiss"]
[EventRounds "10"]
[EventCountry "GGB"]
[Source "www.saund.co.uk"]
[SourceDate "2005.02.07"]

1. d3 d5 2. g3 c5 3. Bg2 Nc6 4. Nd2 Nf6 5. e3 e6 6. b3 Bd6 7. Bb2 b6 8. Ne2 Bb7
9. a3 O-O 10. h3 Qe7 11. g4 b5 12. f4 Nd7 13. O-O Nb6 14. Ng3 c4 15. g5 b4 16.
axb4 cxd3 17. cxd3 Bxb4 18. Nf3 Nd7 19. f5 f6 20. g6 h6 21. Nh4 Bd6 22. Nh5 Nb4
23. fxe6 Ne5 24. Nf5 Qd8 25. Nhxg7 Nxg6 26. Qh5 Nh8 27. Qxh6 Nxd3 28. Ne8 1-0

[Event "Tradewise Gibraltar Masters 14th"]
[Site "Gibraltar"]
[Date "2016.02.04"]
[Round "10.83"]
[White "Havik, Victor"]
[Black "Goriatchkin, Jouri"]
[Result "0-1"]
[WhiteElo "2092"]
[BlackElo "2300"]
[PlyCount "132"]
[EventDate "2016.01.26"]
[EventType "swiss"]
[EventRounds "10"]
[EventCountry "GGB"]
[Source "www.saund.co.uk"]
[SourceDate "2005.02.07"]

1. d4 f5 2. Nc3 Nf6 3. Bg5 d5 4. Bxf6 exf6 5. e3 Be6 6. Bd3 Qd7 7. Qf3 Nc6 8.
a3 O-O-O 9. Nge2 Ne7 10. O-O-O Kb8 11. h4 h5 12. Nf4 Bf7 13. Kb1 g6 14. g3 Bh6
15. Nce2 Nc8 16. Nc1 c6 17. Nb3 b6 18. Rc1 Nd6 19. Nd2 b5 20. Nb3 Nb7 21. Bf1
Bf8 22. Bg2 Bd6 23. Nd3 Qe7 24. Qe2 g5 25. Qd2 Bg6 26. Rce1 Qc7 27. Nb4 Ka8 28.
Qc3 Rc8 29. f4 Bxb4 30. axb4 Nd6 31. hxg5 fxg5 32. Nc5 Bf7 33. Nd3 gxf4 34.
exf4 Rhg8 35. Ne5 Be8 36. b3 Qg7 37. Re3 Rc7 38. Kb2 Kb8 39. Ra1 h4 40. Rg1
hxg3 41. Bh1 Qh6 42. Rexg3 Rxg3 43. Qxg3 Rh7 44. Bf3 Kc7 45. Nd3 Qf6 46. Ne5
Qh4 47. Qg8 Re7 48. Ra1 Qxf4 49. Rxa7+ Nb7 50. Qg1 Bd7 51. Kc3 Rxe5 52. dxe5
Qxf3+ 53. Kb2 Qe4 54. Qg7 Qd4+ 55. c3 Qxa7 56. e6 Qf2+ 57. Ka3 Qa7+ 58. Kb2
Qf2+ 59. Ka3 Qe1 60. Qxd7+ Kb6 61. Kb2 Qe2+ 62. Ka3 Qc2 63. c4 bxc4 64. bxc4
dxc4 65. Qd4+ Kb5 66. Qe5+ c5 0-1

[Event "Tradewise Gibraltar Masters 14th"]
[Site "Gibraltar"]
[Date "2016.02.04"]
[Round "10.84"]
[White "Pratyusha, Bodda"]
[Black "Goncalves, Jose Antonio Silvei"]
[Result "1-0"]
[WhiteElo "2278"]
[BlackElo "1984"]
[PlyCount "65"]
[EventDate "2016.01.26"]
[EventType "swiss"]
[EventRounds "10"]
[EventCountry "GGB"]
[Source "www.saund.co.uk"]
[SourceDate "2005.02.07"]

1. d4 d5 2. c4 c6 3. Nc3 Nf6 4. e3 a6 5. Nf3 Bg4 6. h3 Bxf3 7. Qxf3 b5 8. cxd5
cxd5 9. Bd3 Nc6 10. O-O e6 11. Bd2 Bd6 12. Rfc1 Qb6 13. a3 O-O 14. b4 Rfd8 15.
Be1 Rac8 16. Qd1 Bb8 17. Nb1 Ne8 18. Nd2 Nd6 19. Nb3 Nc4 20. Qe2 e5 21. dxe5
Bxe5 22. Ra2 Re8 23. Nc5 Rcd8 24. a4 Bd4 25. Bxh7+ Kf8 26. axb5 axb5 27. Ra6
Qc7 28. Qh5 Bxc5 29. bxc5 Re5 30. Qh4 d4 31. Rxc6 Qd7 32. Rxc4 bxc4 33. Rd6 1-0

[Event "Tradewise Gibraltar Masters 14th"]
[Site "Gibraltar"]
[Date "2016.02.04"]
[Round "10.85"]
[White "Pabalan, Rocky"]
[Black "Perez Garcia, Alejandro"]
[Result "0-1"]
[WhiteElo "2089"]
[BlackElo "2273"]
[PlyCount "80"]
[EventDate "2016.01.26"]
[EventType "swiss"]
[EventRounds "10"]
[EventCountry "GGB"]
[Source "www.saund.co.uk"]
[SourceDate "2005.02.07"]

1. e4 e5 2. Nf3 Nc6 3. Bb5 a6 4. Ba4 Nge7 5. O-O g6 6. Bxc6 Nxc6 7. d4 exd4 8.
Bg5 f6 9. Bf4 Bg7 10. Nxd4 O-O 11. Nc3 d6 12. Be3 Ne5 13. h3 c6 14. b3 f5 15.
f4 Nf7 16. exf5 gxf5 17. Rf3 c5 18. Rg3 Kh8 19. Nde2 Be6 20. Qd2 Qf6 21. Rd1
Rae8 22. Nd5 Bxd5 23. Qxd5 Re7 24. Rd3 Rfe8 25. Kh2 Qe6 26. Qf3 b5 27. Qh5 Nh6
28. Ng1 c4 29. bxc4 bxc4 30. Ra3 Ng8 31. Rxa6 Nf6 32. Qd1 Ne4 33. Rf3 Qg6 34.
Bd4 Bxd4 35. Qxd4+ Rg7 36. g4 fxg4 37. f5 Qg5 38. f6 gxf3 39. fxg7+ Kg8 40.
Qxc4+ d5 0-1

[Event "Tradewise Gibraltar Masters 14th"]
[Site "Gibraltar"]
[Date "2016.02.04"]
[Round "10.86"]
[White "Nava Pereda, Carlos"]
[Black "Eagleton, Greg T"]
[Result "1-0"]
[WhiteElo "2262"]
[BlackElo "1981"]
[PlyCount "97"]
[EventDate "2016.01.26"]
[EventType "swiss"]
[EventRounds "10"]
[EventCountry "GGB"]
[Source "www.saund.co.uk"]
[SourceDate "2005.02.07"]

1. Nf3 Nf6 2. c4 c6 3. d4 d5 4. Nbd2 g6 5. e3 Bg7 6. Bd3 Nbd7 7. O-O O-O 8. h3
Qc7 9. cxd5 Nxd5 10. Re1 e5 11. dxe5 Nxe5 12. Nxe5 Qxe5 13. a3 Qe7 14. Qc2 Be6
15. Nf3 c5 16. e4 Nb6 17. Bg5 f6 18. Be3 Rac8 19. Rad1 Qf7 20. Qc1 Bb3 21. Bc2
Be6 22. Nd2 Kh8 23. f4 Bh6 24. a4 Nc4 25. Nxc4 Bxc4 26. Rd6 Rc7 27. Red1 Re8
28. Rd8 Bf8 29. Rxe8 Qxe8 30. Qd2 Be6 31. Qc3 Qe7 32. a5 Kg7 33. Re1 Qd7 34. g4
Qc6 35. f5 gxf5 36. gxf5 Bf7 37. e5 Bd5 38. exf6+ Kf7 39. Bd1 Bf3 40. Bf4 Bxd1
41. Qc4+ Kxf6 42. Bxc7 Qxc7 43. Qh4+ Kxf5 44. Rxd1 Qg7+ 45. Kh1 Be7 46. Rf1+
Ke5 47. Qf4+ Ke6 48. Qf5+ Kd6 49. Rd1+ 1-0

[Event "Tradewise Gibraltar Masters 14th"]
[Site "Gibraltar"]
[Date "2016.02.04"]
[Round "10.87"]
[White "Carlsten, Peter"]
[Black "Menna Barreto, Felipe Kubiaki"]
[Result "0-1"]
[WhiteElo "2074"]
[BlackElo "2247"]
[PlyCount "72"]
[EventDate "2016.01.26"]
[EventType "swiss"]
[EventRounds "10"]
[EventCountry "GGB"]
[Source "www.saund.co.uk"]
[SourceDate "2005.02.07"]

1. e4 c5 2. Nf3 a6 3. d4 cxd4 4. Nxd4 e5 5. Nb3 Nf6 6. Nc3 Bb4 7. Bd2 O-O 8.
Bd3 d6 9. O-O Nbd7 10. a3 Bxc3 11. Bxc3 b6 12. Qe2 Bb7 13. f3 Qc7 14. Rfd1 Rfe8
15. Be1 d5 16. Bh4 dxe4 17. fxe4 Qc6 18. Kh1 Nf8 19. Nd2 Ng6 20. Bf2 b5 21.
Rac1 Red8 22. g3 Rac8 23. Re1 h5 24. Nb3 Ba8 25. Nc5 Ng4 26. b4 f5 27. h3 Nf6
28. Kh2 h4 29. g4 Nf4 30. Qf3 fxe4 31. Nxe4 Nxd3 32. cxd3 Qxc1 33. Rxc1 Rxc1
34. Bxh4 Bxe4 35. dxe4 Rd2+ 36. Kg3 Rg1+ 0-1

[Event "Tradewise Gibraltar Masters 14th"]
[Site "Gibraltar"]
[Date "2016.02.04"]
[Round "10.89"]
[White "Bellon Lopez, Juan Manuel"]
[Black "Osuna Vega, Enrique"]
[Result "1-0"]
[WhiteElo "2376"]
[BlackElo "2127"]
[PlyCount "141"]
[EventDate "2016.01.26"]
[EventType "swiss"]
[EventRounds "10"]
[EventCountry "GGB"]
[Source "www.saund.co.uk"]
[SourceDate "2005.02.07"]

1. d4 d6 2. g3 Nd7 3. Bg2 e5 4. c4 Ngf6 5. Nc3 g6 6. e4 Bg7 7. Nge2 O-O 8. h3
Re8 9. O-O c6 10. Be3 exd4 11. Bxd4 Qa5 12. f4 Nb6 13. b3 d5 14. c5 Nbd7 15. e5
Ne4 16. Bxe4 dxe4 17. Nxe4 Rd8 18. Qc2 Nf8 19. Nd6 Ne6 20. Bf2 b6 21. Nc4 Qb4
22. a3 Qb5 23. cxb6 c5 24. Nc3 Qa6 25. Nd6 Rxd6 26. exd6 Nd4 27. Bxd4 Bxd4+ 28.
Kh2 Bf5 29. Qg2 Rd8 30. Rac1 Qxb6 31. g4 Bc8 32. b4 cxb4 33. Nd5 Qxd6 34. Rc6
Qb8 35. Qe4 Bb7 36. Qxd4 Bxc6 37. Nf6+ Kf8 38. Nxh7+ Kg8 39. Nf6+ Kf8 40. Qxb4+
Qxb4 41. axb4 Rd4 42. Rc1 Bb7 43. b5 Rxf4 44. g5 Rf5 45. Re1 Kg7 46. h4 Bd5 47.
Re8 Rxf6 48. gxf6+ Kxf6 49. Rc8 Be4 50. Rc3 Bf5 51. Rc6+ Kg7 52. Kg3 Bd3 53.
Rc5 Kh6 54. Kf4 f6 55. Ke3 Bf1 56. Kd4 Be2 57. Kc3 f5 58. Re5 Bf1 59. Kb4 Kh5
60. Re7 Kxh4 61. Rxa7 f4 62. b6 Bg2 63. Kc3 g5 64. Kd2 Kg3 65. b7 Bxb7 66. Rxb7
g4 67. Ke1 Kg2 68. Rb4 g3 69. Rxf4 Kg1 70. Rg4 g2 71. Ke2 1-0

[Event "Tradewise Gibraltar Masters 14th"]
[Site "Gibraltar"]
[Date "2016.02.04"]
[Round "10.90"]
[White "Omoifo, Osemekhian I"]
[Black "Foisor, Cristina Adela"]
[Result "0-1"]
[WhiteElo "2106"]
[BlackElo "2338"]
[PlyCount "72"]
[EventDate "2016.01.26"]
[EventType "swiss"]
[EventRounds "10"]
[EventCountry "GGB"]
[Source "www.saund.co.uk"]
[SourceDate "2005.02.07"]

1. Nf3 c5 2. c4 g6 3. e4 Bg7 4. d4 cxd4 5. Nxd4 Qb6 6. Nb3 Nc6 7. Nc3 Bxc3+ 8.
bxc3 Nf6 9. Be3 Qc7 10. f3 b6 11. c5 O-O 12. Rc1 bxc5 13. Nxc5 d6 14. Nb3 Rd8
15. c4 a5 16. Be2 a4 17. Nd4 Nxd4 18. Qxd4 Qa5+ 19. Kf2 Ba6 20. g4 Rab8 21. h4
h5 22. gxh5 Nxh5 23. Rc2 Rd7 24. Rg1 e5 25. Qa1 a3 26. Rg5 Rdb7 27. Qg1 Rb1 28.
Rc1 Rxc1 29. Qxc1 Rb2 30. Rxh5 Qb4 31. Bg5 gxh5 32. Bf6 Qxc4 33. Qg5+ Kf8 34.
Qg7+ Ke8 35. Qg8+ Kd7 36. Qd8+ Kc6 0-1

[Event "Tradewise Gibraltar Masters 14th"]
[Site "Gibraltar"]
[Date "2016.02.04"]
[Round "10.91"]
[White "Dasaolu, Rotimi"]
[Black "Cordes, Hans-Joerg"]
[Result "0-1"]
[WhiteElo "2060"]
[BlackElo "2257"]
[PlyCount "82"]
[EventDate "2016.01.26"]
[EventType "swiss"]
[EventRounds "10"]
[EventCountry "GGB"]
[Source "www.saund.co.uk"]
[SourceDate "2005.02.07"]

1. Nf3 e6 2. d3 c5 3. e4 Nc6 4. g3 g6 5. Bg2 Bg7 6. O-O Nge7 7. c3 d5 8. Qe2 h6
9. Rd1 O-O 10. Nbd2 e5 11. exd5 Nxd5 12. a4 Re8 13. Nc4 Be6 14. Bd2 f5 15. Ne3
Nc7 16. Be1 Qf6 17. Qc2 Rad8 18. Nd2 Bf7 19. Nec4 b6 20. Na3 h5 21. h4 Bh6 22.
Nb5 Nd5 23. Nf1 g5 24. hxg5 Bxg5 25. Bd2 f4 26. Be4 Kh8 27. Re1 Rg8 28. Kg2 h4
29. Qd1 fxg3 30. fxg3 Bxd2 31. Qxd2 Nf4+ 32. Kg1 hxg3 33. Ne3 g2 34. Nxg2 Rxg2+
35. Bxg2 Rg8 36. Re2 Bd5 37. Rf1 Nh3+ 38. Kh2 Qh4 39. Qe3 Nf4+ 40. Bh3 Nxe2 41.
Qxe5+ Nxe5 0-1

[Event "Tradewise Gibraltar Masters 14th"]
[Site "Gibraltar"]
[Date "2016.02.04"]
[Round "10.92"]
[White "Heinemann, Josefine"]
[Black "Feldbacher, Harald"]
[Result "1-0"]
[WhiteElo "2233"]
[BlackElo "2121"]
[PlyCount "83"]
[EventDate "2016.01.26"]
[EventType "swiss"]
[EventRounds "10"]
[EventCountry "GGB"]
[Source "www.saund.co.uk"]
[SourceDate "2005.02.07"]

1. e4 c5 2. Nf3 Nc6 3. d4 cxd4 4. Nxd4 Nf6 5. Nc3 e5 6. Ndb5 d6 7. Bg5 a6 8.
Na3 b5 9. Bxf6 gxf6 10. Nd5 Bg7 11. Bd3 Ne7 12. Nxe7 Qxe7 13. O-O f5 14. c4 O-O
15. Qh5 f4 16. cxb5 d5 17. exd5 f5 18. Bc4 Kh8 19. Rfd1 Qb4 20. Qe2 e4 21. Rab1
Rf6 22. Nc2 Qd6 23. f3 Rh6 24. bxa6 Qc5+ 25. Kh1 Bxa6 26. Na3 exf3 27. gxf3
Bxc4 28. Nxc4 Rg8 29. d6 Rg6 30. b4 Qa7 31. d7 Bf6 32. b5 Rg2 33. Qxg2 Rxg2 34.
Kxg2 Qxa2+ 35. Rb2 Qxc4 36. d8=Q+ Bxd8 37. Rxd8+ Kg7 38. b6 Qc6 39. b7 Qg6+ 40.
Kf2 Qh5 41. Rd7+ Kf6 42. Rb6+ 1-0

[Event "Tradewise Gibraltar Masters 14th"]
[Site "Gibraltar"]
[Date "2016.02.04"]
[Round "10.93"]
[White "House, Glenn L"]
[Black "Burrows, Martin P"]
[Result "1-0"]
[WhiteElo "2226"]
[BlackElo "2115"]
[PlyCount "115"]
[EventDate "2016.01.26"]
[EventType "swiss"]
[EventRounds "10"]
[EventCountry "GGB"]
[Source "www.saund.co.uk"]
[SourceDate "2005.02.07"]

1. Nf3 Nf6 2. g3 g6 3. Bg2 Bg7 4. O-O O-O 5. d3 c5 6. e4 Nc6 7. c3 d6 8. Re1 e5
9. a3 h6 10. b4 Qc7 11. b5 Ne7 12. c4 Ne8 13. Nc3 f5 14. Nd2 f4 15. Nd5 Nxd5
16. cxd5 Bd7 17. Rb1 Qc8 18. Nc4 Bh3 19. Bxh3 Qxh3 20. Qe2 Rd8 21. Qf1 Qh5 22.
Qg2 Nf6 23. f3 fxg3 24. hxg3 Nh7 25. Rf1 Ng5 26. Bxg5 Qxg5 27. Qh3 h5 28. Rb2
Rf6 29. Rg2 Rdf8 30. Rgf2 R8f7 31. Kg2 Bf8 32. a4 Rh7 33. Rh1 Rhf7 34. Qc8 Rh7
35. Rff1 Rhf7 36. Qb8 b6 37. Qc8 Rh7 38. Qh3 Rhf7 39. Rf2 Rh7 40. Qh4 Qxh4 41.
Rxh4 Bh6 42. f4 Rhf7 43. f5 Bf8 44. g4 gxf5 45. gxf5 Rg7+ 46. Kf3 Rh6 47. Rg2
Be7 48. Rh1 Rxg2 49. Kxg2 Rh7 50. a5 bxa5 51. Nxa5 Bd8 52. Nc4 Rb7 53. Nxd6 Rb6
54. Nc4 Rxb5 55. Rxh5 a5 56. Rh6 Kf8 57. Rh8+ Ke7 58. f6+ 1-0

[Event "Tradewise Gibraltar Masters 14th"]
[Site "Gibraltar"]
[Date "2016.02.04"]
[Round "10.94"]
[White "Walton, Alan J"]
[Black "Weeramantry, Sunil"]
[Result "0-1"]
[WhiteElo "2206"]
[BlackElo "2099"]
[PlyCount "76"]
[EventDate "2016.01.26"]
[EventType "swiss"]
[EventRounds "10"]
[EventCountry "GGB"]
[Source "www.saund.co.uk"]
[SourceDate "2005.02.07"]

1. d4 g6 2. e4 Bg7 3. Nc3 d6 4. Be3 c6 5. a4 Nd7 6. Nf3 Ngf6 7. Qd2 a6 8. e5
Ng4 9. exd6 Nxe3 10. Qxe3 e6 11. d5 cxd5 12. Nxd5 Qa5+ 13. Nc3 Qb4 14. Rb1 Qxd6
15. Be2 Qc5 16. Qd2 O-O 17. O-O Nb6 18. Ra1 Nc4 19. Bxc4 Qxc4 20. a5 b5 21.
axb6 Bb7 22. Qe3 Rac8 23. Ra4 Qc6 24. Rh4 Rfd8 25. Qf4 Rd4 26. Qg3 Rxh4 27.
Qxh4 Qxb6 28. Ng5 h6 29. Nge4 Bxe4 30. Nxe4 Qxb2 31. Nd6 Rxc2 32. Qa4 Rc1 33.
Qxa6 Bd4 34. Rxc1 Qxc1+ 35. Qf1 Bxf2+ 36. Kxf2 Qc5+ 37. Ke1 Qxd6 38. h3 Qb4+
0-1

[Event "Tradewise Gibraltar Masters 14th"]
[Site "Gibraltar"]
[Date "2016.02.04"]
[Round "10.95"]
[White "Myall, Ivan J"]
[Black "Verneuil, Pascal"]
[Result "0-1"]
[WhiteElo "2049"]
[BlackElo "2205"]
[PlyCount "86"]
[EventDate "2016.01.26"]
[EventType "swiss"]
[EventRounds "10"]
[EventCountry "GGB"]
[Source "www.saund.co.uk"]
[SourceDate "2005.02.07"]

1. e4 c5 2. c3 b6 3. d4 Bb7 4. Bd3 Nc6 5. Nf3 cxd4 6. cxd4 Nb4 7. Bc4 e6 8. Nc3
Qc8 9. Be2 Nf6 10. a3 Na6 11. Bd3 Be7 12. O-O O-O 13. Bg5 Qd8 14. Qe2 Nc7 15.
Rac1 Nfe8 16. Bxe7 Qxe7 17. Rfe1 Rc8 18. Qd2 f6 19. Qf4 d6 20. Qh4 g6 21. Re3
Qf7 22. Bb1 Ng7 23. g4 Kh8 24. Rce1 e5 25. Ba2 Nge6 26. dxe5 dxe5 27. g5 fxg5
28. Nxg5 Qe7 29. Nf3 Qxh4 30. Nxh4 Nd4 31. Rd1 Rcd8 32. Bb1 Rf4 33. Rh3 Rxh4
34. Rxh4 Nf3+ 35. Kg2 Nxh4+ 36. Kg3 Rxd1 37. Nxd1 g5 38. Kg4 h6 39. Ne3 Ba6 40.
Kg3 h5 41. Nd5 Nxd5 42. exd5 Kg7 43. d6 Bc8 0-1